| 000 | 00841nam a2200229 a 4500 | ||
|---|---|---|---|
| 005 | 20250607063838.0 | ||
| 008 | 991125s1993 mx 000 0 spa u | ||
| 020 | _a9700800393 | ||
| 035 | _aUPN01000026205 | ||
| 049 | _aCG | ||
| 050 | 4 |
_aLB1028 _bE6 no.15 |
|
| 111 | 2 |
_aCongreso Nacional de Investigación Educativa _n(2o : _d1993 : _cMéxico) _928997 |
|
| 245 | 1 | 0 |
_aGestión y desarrollo institucional / _cAlfredo Furlán, Azucena Rodríguez. |
| 260 |
_aMéxico : _bSNTE, _c1993. |
||
| 300 | _a62 p. | ||
| 440 | 0 |
_aEstados de conocimiento. _pCuaderno ; _v15 |
|
| 500 | _aA la cabeza de la portada: La investigación educativa en los ochenta, perspectiva para los noventa | ||
| 650 | 4 |
_aEducación _xInvestigación _vCongresos _914375 |
|
| 700 | 1 |
_aFurlán, Alfredo J., _ecoaut. |
|
| 700 | 1 |
_aRodríguez, Azucena, _ecoaut. |
|
| 905 | _aLibro | ||
| 999 |
_c26205 _d26205 |
||